LEADER 01634nam 2200409 450 001 9910715394803321 005 20210503090120.0 035 $a(CKB)5470000002510082 035 $a(OCoLC)1236883706 035 $a(EXLCZ)995470000002510082 100 $a20210209d2007 ua 0 101 0 $aeng 135 $aur||||||||||| 181 $ctxt$2rdacontent 182 $cc$2rdamedia 183 $acr$2rdacarrier 200 00$aEconomic impact analysis of the halogenated solvent cleaners residual risk standard 210 1$aResearch Triangle Park, NC :$cU.S. Environmental Protection Agency, Office of Air Quality Planning and Standards, Health and Environmental Impacts Division, Air Benefits and Costs Group,$d2007. 215 $a1 online resource (42 pages) 300 $a"EPA-452/R-07-005." 300 $a"April 2007." 320 $aIncludes bibliographical references. 606 $aAir$xPollution$xLaw and legislation$xCompliance costs$zUnited States 606 $aAir$xPollution$xStandards$xCompliance costs$zUnited States 606 $aHalocarbons$xStandards$zUnited States 606 $aCleaning compounds 615 0$aAir$xPollution$xLaw and legislation$xCompliance costs 615 0$aAir$xPollution$xStandards$xCompliance costs 615 0$aHalocarbons$xStandards 615 0$aCleaning compounds. 712 02$aUnited States.$bEnvironmental Protection Agency.$bAir Benefit-Cost Group, 801 0$bGPO 801 1$bGPO 906 $aBOOK 912 $a9910715394803321 996 $aEconomic impact analysis of the halogenated solvent cleaners residual risk standard$93285346 997 $aUNINA